BIBLIOTHÈQUE DE LA MAISON DU MEXIQUE

Logo 1 Logo 2

Les péchés du Nouveau Monde (notice nᵒ 977)

détails MARC
000 -Sello discográfico
campo de control de longitud fija 01027nam a2200313 4500
005 - Identificación de versión
campo de control 20251016082537.0
010 ## - Número Estándar Internacional de Libros (ISBN)
Número (ISBN) 2-226-06273-4
035 ## - Otros números de control del sistema
Número de control del sistema 21707
099 ## - fechas locales
Tipo de ítem Koha LIBRO
100 ## - Datos de procesamiento general
Datos de procesamiento general 19960725d1993 m y1spay5003 ba
105 ## - Campo de datos codificados: Material textual, monográfico
Datos codificados de monografía y 001zy
200 1# - Título y mención de responsabilidad
Título propio Les péchés du Nouveau Monde
Designación general del material texto impreso
Otra información del título les manuels pour la confession des indiens : XVIe-XVIIe siècle
Primer mención de responsabilidad Martine Azoulai
210 ## - Publicación, distribución, etc.
Lugar de publicación, distribución, etc. Paris
Nombre del editor, distribuidor, etc. Editions Albin Michel
Fecha de publicación, distribución, etc. 1993
215 ## - Descripción física
Designación de material específico y extensión del ítem 261 p
Dimensiones 23 cm
345 ## - Nota de información de adquisición
Fuente de adquisición/dirección de la suscripción [OBSOLETO] Compra
410 #1 - Series
Título Bibliothèque Albin Michel
Nombre de parte o sección Histoire
606 ## - Término temático usado como materia
Elemento de entrada Iglesia católica en América Latina
Subdivisión temática Historia
Número Koha 2628
606 ## - Término temático usado como materia
Elemento de entrada Indios de América
Subdivisión temática Historia
Número Koha 707
607 ## - Nombre geográfico utilizado como tema
Elemento de entrada América
Subdivisión temática Colonización
Número Koha 2467
660 ## - Código de área geográfica
Código MX
700 ## - Nombre personal - Responsabilidad primaria
Elemento de entrada Azoulai
Parte del nombre distinta del elemento de entrada Martine
Número Koha 2629
801 #0 - Fuente de origen
Agencia cm
900 ## -
-- 1/12682
900 ## -
-- 710962175\\250796
942 ## - ELEMENTOS DE ENTRADA SECUNDARIOS (KOHA)
Tipo de ítem Koha Livre
996 ## -
-- MEX
-- 751145101
-- MMAG
-- 005647
-- 234.16 A996P
-- 20211227LIV
Exemplaires
Estatus retirado Estado de daño Estado de pérdida Fecha de adquisición Biblioteca de origen Biblioteca actual Ubicación en estantería Código de barras Precio de reemplazo Signatura topográfica completa No para préstamo Tipo de ítem Koha Nota pública Nota no pública
      05/08/2025 Casa México Paris Casa México Paris   005647 05/08/2025 234.16 A996P   Livre 20211227LIV 751145101